Online
Catalog

Administración tributaria / (Record no. 16327)

MARC details
000 -CABECERA
campo de control de longitud fija 00750nam a2200217 a 4500
001 - NÚMERO DE CONTROL
campo de control 000016795
005 - FECHA Y HORA DE LA ÚLTIMA TRANSACCIÓN
campo de control 20240415140329.0
008 - DATOS DE LONGITUD FIJA--INFORMACIÓN GENERAL
campo de control de longitud fija 100310s1965 dr 000 0 spa d
040 ## - FUENTE DE LA CATALOGACIÓN
Centro catalogador/agencia de origen DO-SdBNP
Lengua de catalogación spa
Centro/agencia transcriptor BNPHU
082 ## - NÚMERO DE LA CLASIFICACIÓN DECIMAL DEWEY
Número de clasificación 351
Número de documento/Ítem B142a
100 1# - ENTRADA PRINCIPAL--NOMBRE DE PERSONA
Nombre de persona Báez Ortíz, Bolivar
9 (RLIN) 37223
245 10 - MENCIÓN DE TÍTULO
Título Administración tributaria /
Mención de responsabilidad, etc. Bolivar Báez Ortíz.
260 ## - PUBLICACIÓN, DISTRIBUCIÓN, ETC.
Lugar de publicación, distribución, etc. Santo Domingo :
Nombre del editor, distribuidor, etc. Dirección General de Impuestos Internos,
Fecha de publicación, distribución, etc. 1965.
300 ## - DESCRIPCIÓN FÍSICA
Extensión 101 p. ;
Dimensiones 22 cm.
504 ## - NOTA DE BIBLIOGRAFÍA, ETC.
Nota de bibliografía, etc. Bibliográfia : p. 103-107
590 ## - NOTA LOCAL (RLIN)
Nota local La biblioteca posee 1 ejemplar autografiado por el autor
590 ## - NOTA LOCAL (RLIN)
Nota local Inventariado,2018/DG
650 #0 - PUNTO DE ACCESO ADICIONAL DE MATERIA--TÉRMINO DE MATERIA
Término de materia o nombre geográfico como elemento de entrada Administración pública
9 (RLIN) 9266
650 #4 - PUNTO DE ACCESO ADICIONAL DE MATERIA--TÉRMINO DE MATERIA
Término de materia o nombre geográfico como elemento de entrada Impuestos
Subdivisión general Administración
9 (RLIN) 16071
910 ## - DATOS DE OPCIÓN DEL USUARIO (OCLC)
Datos de opción del usuario Validado. Control de calidad MFF
Holdings
Estado de retiro Estado de pérdida No para préstamo Código de colección Localización permanente Ubicación/localización actual Ubicación en estantería Fecha de adquisición Número de inventario Total de préstamos Signatura topográfica completa Código de barras Fecha visto por última vez Número de copia Precio válido a partir de Tipo de ítem Koha Restricciones de uso
    Excluido de préstamo Dominicana de Servicio Biblioteca Nacional Pedro Henríquez Ureña Biblioteca Nacional Pedro Henríquez Ureña Depósito 10.03.2010 LF1   351 B142a 16795-10 25.06.2020   25.06.2020 Préstamo en sala Préstamo en sala
    Excluido de préstamo Patrimonio Dominicano Patrimonio Dominicano Patrimonio Dominicano Depósito 10.03.2010 LF1   351 B142a 16795-20 25.06.2020 e.2 25.06.2020 Libro y Folleto Colección Patrimonio Dominicano  
  Extraviado   Dominicana de Servicio Patrimonio Dominicano Patrimonio Dominicano Extraviado 16.01.2012 LF1   351 B142a 16795-30 25.06.2020 e. 3 25.06.2020 Libro y Folleto Colección Dominicana de Servicio Préstamo interno

Powered by Koha